000 04822nam a22006015i 4500
001 978-3-319-49073-1
003 DE-He213
005 20210118121540.0
007 cr nn 008mamaa
008 161111s2017 gw | s |||| 0|eng d
020 _a9783319490731
_9978-3-319-49073-1
024 7 _a10.1007/978-3-319-49073-1
_2doi
050 4 _aQ342
072 7 _aUYQ
_2bicssc
072 7 _aTEC009000
_2bisacsh
072 7 _aUYQ
_2thema
082 0 4 _a006.3
_223
245 1 0 _aAdvances in Information and Communication Technology
_h[electronic resource] :
_bProceedings of the International Conference, ICTA 2016 /
_cedited by Masato Akagi, Thanh-Thuy Nguyen, Duc-Thai Vu, Trung-Nghia Phung, Van-Nam Huynh.
250 _a1st ed. 2017.
264 1 _aCham :
_bSpringer International Publishing :
_bImprint: Springer,
_c2017.
300 _aXVII, 661 p. 290 illus.
_bonline resource.
336 _atext
_btxt
_2rdacontent
337 _acomputer
_bc
_2rdamedia
338 _aonline resource
_bcr
_2rdacarrier
347 _atext file
_bPDF
_2rda
490 1 _aAdvances in Intelligent Systems and Computing,
_x2194-5357 ;
_v538
505 0 _aA New Neuro-fuzzy Inference System for Insurance Forecasting -- Swarm Intelligence-based Approach for Macroscopic Scale Odor Source Localization Using Multi-robot System -- Quality Improvement of Vietnamese HMM-based Speech Synthesis System Based on Decomposition of Naturalness and Intelligibility Using Non-negative Matrix Factorization -- Predicting Early Crop Production by Analysing Prior Environment Factors -- An Evolutionary-based Term Reduction Approach to Bilingual Clustering of Malay-English Corpora -- Estimation Localization in Wireless Sensor Network Based on Multi-Objective Grey Wolf Optimizer -- New Block Ciphers for Wireless Mobile Networks -- Managing Secure Personal Mobile Health Information -- Design Adaptive-CTC Controller for Tracking Target Used Mobile Robot-pan Tilt-stereo Camera System -- A Study on Fitness Representation in Genetic Programming -- Comparing Modified PSO Algorithms for MRS in Unknown Environment Exploration -- Toward Cyber Security Architecture Framework.>.
520 _aThis book features papers presented at the International Conference on Advances in Information and Communication Technology (ICTA 2016), which was held in Thai Nguyen city, Vietnam, from December 1 to 13, 2016. The conference was jointly organized by Thai Nguyen University of Information and Communication Technology (ICTU), the Institute of Information Technology – Vietnam Academy of Science and Technology (IoIT), Feng Chia University, Taiwan (FCU), the Japan Advanced Institute of Science and Technology (JAIST) and the National Chung Cheng University, Taiwan (CCU) with the aim of bringing together researchers, academics, practitioners and students to not only share research results and practical applications but also to foster collaboration in information and communication technology research and education. The book includes the 66 best peer-reviewed papers, selected from the 150 submissions received.
650 0 _aComputational intelligence.
650 0 _aArtificial intelligence.
650 1 4 _aComputational Intelligence.
_0http://scigraph.springernature.com/things/product-market-codes/T11014
650 2 4 _aArtificial Intelligence.
_0http://scigraph.springernature.com/things/product-market-codes/I21000
700 1 _aAkagi, Masato.
_eeditor.
_4edt
_4http://id.loc.gov/vocabulary/relators/edt
700 1 _aNguyen, Thanh-Thuy.
_eeditor.
_4edt
_4http://id.loc.gov/vocabulary/relators/edt
700 1 _aVu, Duc-Thai.
_eeditor.
_4edt
_4http://id.loc.gov/vocabulary/relators/edt
700 1 _aPhung, Trung-Nghia.
_eeditor.
_4edt
_4http://id.loc.gov/vocabulary/relators/edt
700 1 _aHuynh, Van-Nam.
_eeditor.
_4edt
_4http://id.loc.gov/vocabulary/relators/edt
710 2 _aSpringerLink (Online service)
773 0 _tSpringer eBooks
776 0 8 _iPrinted edition:
_z9783319490724
776 0 8 _iPrinted edition:
_z9783319490748
830 0 _aAdvances in Intelligent Systems and Computing,
_x2194-5357 ;
_v538
856 4 0 _uhttps://doi.org/10.1007/978-3-319-49073-1
912 _aZDB-2-ENG
999 _c445202
_d445202
942 _cEB
506 _aAvailable to subscribing member institutions only. Доступно лише організаціям членам підписки.
506 _fOnline access from local network of NaUOA.
506 _fOnline access with authorization at https://link.springer.com/
506 _fОнлайн-доступ з локальної мережі НаУОА.
506 _fОнлайн доступ з авторизацією на https://link.springer.com/